LEADER 00705nam2 22002171i 450 001 990002326840403321 035 $a000232684 035 $aFED01000232684 035 $a(Aleph)000232684FED01 035 $a000232684 100 $a20030801d--------km-y0itay50------ba 200 1 $aFattori chemiotattici per neutrofili ed eosinofili nelle allergie e nell'asma. Torino, 1992, p. 142-148. 463 0$1001000222843 701 1$aKay,$bA. B.$097831 801 0$aIT$bUNINA$gRICA$2UNIMARC 901 $aBK 912 $a990002326840403321 959 $aFFABC 996 $aFattori chemiotattici per neutrofili ed eosinofili nelle allergie e nell'asma. Torino, 1992, p. 142-148$9389947 997 $aUNINA DB $aING01